Statistics for Nebraska Trivia

Click here to take the quiz!

General Stats

  • This quiz has been taken 752 times
  • The average score is 10 of 15

Answer Stats

HintAnswer% Correct
The capital of NebraskaLincoln
94%
The largest city in NebraskaOmaha
93%
The main cropcorn
93%
The famous billionaire who lives in OmahaWarren Buffett
77%
The main river that runs through central NebraskaPlatte
75%
The holiday that was started in NebraskaArbor Day
72%
This soft drink was invented in NebraskaKool-Aid
64%
This outdoor outfitter is headquartered in SidneyCabela's
61%
A bun filled with beef and cabbage (or the restaurant that sells them)Runza
60%
This landmark along the Oregon Trail signaled the end of the prairies and the start of the mountainsChimney Rock
57%
The name of Nebraska’s unique type of legislatureunicameral
57%
A replica of Stonehenge in western Nebraska is made of thiscars
55%
These birds stop in Nebraska during migration, attracting hundreds of birdwatcherssandhill cranes
53%
This U.S. President was born in NebraskaGerald Ford
48%
Nebraska has more miles of __________ than any other stateriver
36%

Score Distribution

Percentile by Number Answered

Percent of People with Each Score

Your Score History

You have not taken this quiz